Statistics for Charlton Athletic - Men's First Team Squad 2023/24

Click here to take the quiz!

General Stats

  • This quiz has been taken 9 times
  • The average score is 18 of 38

Answer Stats

NumberPositionNotesAnswer% Correct
40MidfielderConor Coventry
100%
29ForwardDaniel Kanu
100%
21Goalkeeper
Harry Isted
100%
4MidfielderCaptainGeorge Dobson
100%
9ForwardAlfie May
80%
22ForwardChuks Aneke
80%
6DefenderMichael Hector
80%
11ForwardMiles Leaburn
80%
47DefenderRarmani Edmonds-Green
80%
26DefenderThierry Small
80%
1GoalkeeperAshley Maynard-Brewer
60%
13ForwardConnor Wickham
60%
23MidfielderOut on loanCorey Blackett-Taylor
60%
14ForwardIn on loanFreddie Ladapo
60%
2DefenderLloyd Jones
60%
17DefenderTayo Edun
60%
3DefenderTerell Thomas
60%
20MidfielderTyreece Campbell
60%
33MidfielderKaroy Anderson
40%
46MidfielderIn on loanLewis Fiorini
40%
25MidfielderIn on loanLouie Watson
40%
28DefenderOut on loanRichard Chin
40%
18DefenderTennai Watson
40%
12MidfielderTerry Taylor
40%
30MidfielderIn on loanTyreeq Bakinson
40%
66DefenderKayne Ramsay
20%
49MidfielderKazenga LuaLua
20%
48GoalkeeperLewis Ward
20%
5DefenderLucas Ness
20%
32DefenderNathan Asiimwe
20%
8MidfielderIn on loanPanutche Camará
20%
24DefenderOut on loanZach Mitchell
20%
15MidfielderOut on loanAaron Henry
0%
16MidfielderOut on loanConor McGrandles
0%
7MidfielderOut on loanDiallang Jaiyesimi
0%
19MidfielderOut on loanJack Payne
0%
27DefenderMacaulay Gillesphey
0%
10MidfielderOut on loanScott Fraser
0%

Score Distribution

Percentile by Number Answered

Percent of People with Each Score

Your Score History

You have not taken this quiz